000 00458nab a2200145Ia 4500
003 ES-SlBCS
005 20210601125207.0
008 140529s1986-87 xxu||||| |||| 00| 0 eng d
041 _aeng
100 1 _aNielsen, Kai
_950638
245 0 0 _aSouth Africa: The Choice between Reform and Revolution
_c Kai Nielsen
650 0 4 _aReforma-Revolución
_9155137
773 0 _tPhilosophical Forum (The)
_gvol. 18, nº. 2-3, 1986-87, págs. 222-253
_wRev833
942 _cAR
999 _c526284
_d526284